MARC

LEADER 00000nam^a2200000^a^4500
001 000117297
005 20250521000000.0
009 20260310094201.272
037 |a Acervo ITESO - Biblioteca 
041 |a ESP 
082 |a 972. 005  |b AGN S. 3 V. 1 T. 2 
240 1 1 |a [Boletín del Archivo General de la Nación] 
245 0 0 |a Boletín del Archivo General de la Nación :  |b julio-agosto-septiembre 1977 /  |c Dir. de A. Moreno Toscano. 
264 |a México :  |b Secretaría de Gobernación,  |c 1977 
300 |a 42 p. 
336 |a texto  |b txt  |2 rdacontenido 
337 |a sin mediación  |b n  |2 rdamedio 
338 |a volumen  |b nc  |2 rdasoporte 
649 |a XX 
650 |a Archivo General de la Nación -  |z México -  |x Publicaciones Periódicas 
650 |a México -  |x Historia -  |x Publicaciones Periódicas Mexicanas 
650 |a Mineros Mexicanos 
650 |a Sastres Mexicanos -  |x Condiciones Laborales 
650 |a Minería -  |z Taxco, Guerrero -  |x Historia -  |y Epoca Colonial, 1517-1821 
650 |a Industria Textil -  |z México -  |x Historia -  |y Epoca Colonial, 1517-1821 
650 |a Algodón -  |z México -  |x Historia 
650 |a Movimientos Campesinos -  |z México -  |x Historia -  |y Siglo XVIII 
650 |a Movimientos Sociales -  |z México -  |x Historia -  |y Siglo XVIII 
650 |a Taxco, Guerrero -  |x Historia -  |y Epoca Colonial, 1517-1821 
650 |a Guerrero -  |x Historia -  |y Epoca Colonial, 1517-1821 
650 |a México -  |x Historia -  |y Siglo XVIII 
650 |a México -  |x Historia -  |y Epoca Colonial, 1517-1821 
650 |a México -  |x Historia -  |x Documentos 
650 |a Catálogos de Archivos -  |z México (Ciudad) 
650 |a Catálogos de Archivos -  |z México 
650 |a Archivo General de la Nación -  |z México 
650 |a Archivos -  |z México (Ciudad) 
650 |a Archivos -  |z México 
650 |a Publicaciones Periódicas Mexicanas 
700 |a Moreno Toscano, Alejandra  |e (dirección) 
910 |a Fondo Salvador Reynoso Reynoso 
920 |a Impresos - Libros 
930 |a Fondos Especiales 
905 |a 112 
901 |a 0800003986  |b IT2  |c ESP  |u 20250521 
902 |a https://opac.biblio.iteso.mx/vufind/Record/000117297